Estudio de prefactibilidad para la instalación de una planta productora y comercializadora de embutidos a base de Atún, en el municipio de Managua, en el período 2023-2027

El presente trabajo consiste en desarrollar un estudio de prefactibilidad para la instalación de una planta productora y comercializadora de embutidos a base de atún, en el municipio de Managua, en el periodo 2023-2027. En este sentido se realizaron una serie de estudios para comprobar la aceptaci...

Full description

Bibliographic Details
Main Authors: Maltez Vivas, Dickson José, Guerrero González, Oliver Stuar,, Zamora Zamora, Victor Alfonso,
Other Authors: Tutor: Silvestri Jirón, Pietro Marcelo
Format: Tesis Section = Libro
Language:Undetermined
Spanish
Published: Managua UNI 2023
Subjects:
LEADER 01525nam a2200301Ia 4500
008 240830s9999 xx 000 0 und d
040 |a BIBLIOTECA-RUPAP/ Mon 658.11 M261 
041 |a spa 
082 |a Mon 658.11 M261 
100 1 |a Maltez Vivas, Dickson José 
100 1 |b  Guerrero González, Oliver Stuar, 
100 1 |c  Zamora Zamora, Victor Alfonso, 
245 1 0 |a Estudio de prefactibilidad para la instalación de una planta productora y comercializadora de embutidos a base de Atún, en el municipio de Managua, en el período 2023-2027 
260 |a Managua  |b UNI  |c 2023 
300 |a 197 p. :il. 
500 |a Contiene: anexos y CD. 
502 |a Tesis (Ingeniero Industrial) - UNI, 2023. 
520 3 |a El presente trabajo consiste en desarrollar un estudio de prefactibilidad para la instalación de una planta productora y comercializadora de embutidos a base de atún, en el municipio de Managua, en el periodo 2023-2027. En este sentido se realizaron una serie de estudios para comprobar la aceptación, viabilidad y rentabilidad de la empresa. El proyecto radica en brindar una alternativa diferente para la alimentación nutritiva y saludable para las familias de dicho municipio. 
650 7 |a  NUEVAS EMPRESAS-PROYECTOS 
650 7 |b  ESTUDIOS DE FACTIBILIDAD 
650 7 |c  ESTUDIO DE MERCADO 
650 7 |d  ESTUDIO FINANCIERO 
650 7 |e  EMBUTIDOS-COMERCIO 
650 7 |f  ATUN 
700 1 |a Tutor:  |b Silvestri Jirón, Pietro Marcelo 
942 |c BK  |2 ddc 
991 |a Tesis 
999 |c 27567